Návrh zefektívnenia procesov spätnej logistiky v kontexte cieľov udržateľného rozvoja v Faurecia Automotive Slovakia s.r.o. odštepný závod Lozorno

Salvato in:
Dettagli Bibliografici
Autore principale: Valachovič, Denis (Autore)
Altri autori: Fidlerová, Helena (Relatore della tesi)
Natura: Manoscritto Libro
Lingua:slovacco
Pubblicazione: 2023
Soggetti:
Accesso online:http://is.stuba.sk/zp/portal_zp.pl?podrobnosti=172817
Tags: Aggiungi Tag
Nessun Tag, puoi essere il primo ad aggiungerne!!

MARC

LEADER 00000ntm a22000003a 4500
001 stuzp93855
003 SK-STU
005 20230909220300.8
007 ta
008 150427s2015----xo-----f-mn---000-0-slo-d
040 |a STU  |b slo 
041 0 |a slo 
100 1 |a Valachovič, Denis  |u 064000  |4 aut  |U MTF Materiálovotechnologická fakulta  |T MTF Ústav priemyselného inžinierstva a manažmentu  |X 97144  |U M4000  |Y 84  |7 97144 
242 0 1 |a Proposal for streamlining reverse logistics processes in the context of sustainable development goals in Faurecia Automotive Slovakia s.r.o. spin-off plant Lozorno   |y eng 
245 1 0 |a Návrh zefektívnenia procesov spätnej logistiky v kontexte cieľov udržateľného rozvoja v Faurecia Automotive Slovakia s.r.o. odštepný závod Lozorno 
260 |c 2023 
650 4 |a spätná logistika  |2 slo 
650 4 |a vratné balenia  |2 slo 
650 4 |a logistika  |2 slo 
650 4 |a obaly  |2 slo 
650 4 |a tok balení  |2 slo 
650 4 |a udržateľný rozvoj  |2 slo 
650 4 |a logistics  |2 eng 
650 4 |a returnable packaging  |2 eng 
650 4 |a packaging  |2 eng 
650 4 |a reverse logistics  |2 eng 
650 4 |a flow of packaging  |2 eng 
650 4 |a sustainable development  |2 eng 
700 1 |a Fidlerová, Helena  |u 064000  |k Z2  |4 ths  |U MTF Materiálovotechnologická fakulta  |T MTF Ústav priemyselného inžinierstva a manažmentu  |X 3662  |U M4000  |Y 84  |7 A000003662 
856 4 |u http://is.stuba.sk/zp/portal_zp.pl?podrobnosti=172817 
996 |c M* DP-15268  |l MMSKP  |s P  |a 0  |w stuzp93855_0001